000 00239nam a2200097Ia 4500
001 683490
005 20250826161439.0
008 250824s9999 xx 000 0 und d
245 0 _aVAHŞİ HAVALAR
_cANITA GANERİ
260 _bTİMAŞ YAYINLARI
999 _c683490
_d683490